O relógio do cárcere (Record no. 9884)

MARC details
000 -Etiqueta do registo
Valores 00568nam a2200217 4500
010 ## - Número ISBN
ISBN 972-42-1898-3
021 ## - Número do Depósito Legal
-- PT
Número 114637/97
100 ## - Dados gerais de processamento
Dados gerais 20160908 frey50
101 ## - Língua de publicação
-- por
102 ## - País de publicação
-- PT
200 ## - Titulo e menção de responsabilidade
Título próprio O relógio do cárcere
Primeira menção de responsabilidade José Riço Direitinho
205 ## - Menção da edição
Edição
210 ## - Publicação
Local de publicação Porto
Nome do editor Asa
Data de publicação 1997
215 ## - Descrição física 
Paginação / Volumes 154 [6]p.
Dimensões 20 cm
225 ## - Colecção 
Título próprio da colecção Finisterra
Informação de outro título Autores contemporâneos de Lisboa portuguesa)
300 ## - Notas gerais 
Texto da nota Oferta de ana Rente
600 ## - Nome de pessoa usado como assunto
Apelido Direitinho
Nome José Riço
Datas 1965-
801 ## - Fonte de origem
País PT
Regras de catalogação RPC
990 ## - Elementos KOHA
Tipo de documento Livro
Holdings
Situação do levantamento Estado Número Biblioteca de origem Código de barras Cota Permissão de empréstimo Tipo de documento Nota relativa ao exemplar Forma de aquisição
    BMA Biblioteca Municipal do Alandroal 11345/15 821.134.3-31 DIR   Livro Estante Oferta

Powered by Koha